Country Etymology Click Quiz - Statistics

General Stats
  • This quiz has been taken 30 times
  • The average score is 11 of 15
Answer Stats
Hint Explanation Answer % Correct
France "Land of the Franks" Ethnic Group
86%
Sierra Leone "Lion mountains" Geography
86%
Philippines "King Philip II of Spain" Person
86%
Colombia "Land of Columbus" Person
86%
Ecuador "Equator" Geography
79%
São Tomé and Príncipe "Saint Thomas and Prince" Person
79%
San Marino "Saint Marinus" Person
79%
Iran "Land of the Aryans" Ethnic Group
75%
Burundi "Land of the Ikirundi speakers" Ethnic Group
75%
Finland "Land of the Finns" Ethnic Group
75%
Bahamas "Large middle upper island" Geography
75%
Albania "Land of the Albanians" Ethnic Group
71%
Jamaica "Land of wood and water" Geography
61%
Kenya "White mountain" Geography
50%
Rwanda "Large or big" Geography
25%
No matching quizzes found
Score Distribution
Percent of People with Each Score
Percentile by Number Answered
Your Score History
You have not taken this quiz